| 000 | 00000nam##2200000za#4500 |
| 001 | 9.659286 |
| 003 | CaOODSP |
| 005 | 20250910142445 |
| 007 | ta |
| 008 | 150407|1997||||xxc||||| f|0| 0 fre|d |
| 020 | |a0-662-62955-8 |
| 040 | |aCaOODSP|bfre |
| 041 | |aeng |
| 041 | |afre |
| 043 | |an-cn--- |
| 086 | 1 |aD2-109/1996 |
| 110 | 1 |aCanada. |bMinistère de la défense nationale. |
| 245 | 10|aLes multiples faces éthiques de la défense : |bactes de la Conférence sur l'éthique dans la défense canadienne, Ottawa, les 24 et 25 octobre 1996 / |cPublié par le Programme d'éthique de la Défense, Chef, Services d'examen. |
| 260 | |aOttawa - Ontario : |bDéfense nationale |c1997. |
| 300 | |aTexte français, 120p. : |bréférences ; |c28 cm. |
| 500 | |a«Ce document regroupe les textes des présentations faites dans le cadre du thème de la conférence, Les multiples faces éthiques de la Défense»--Introduction. Données de catalogage avant publication (Canada) imprimées dans cette publication. |
| 520 | 3 |aCe document regroupe les textes des présentations faites dans le cadre du thème de la conférence, Les multiples faces éthiques de la Défense--Introduction |
| 546 | |aBilingue |
| 563 | |aCouverture souple |
| 590 | |a97-24|b1997-06-13 |
| 691 | 07|aPolitique de défense|2gcpds |
| 691 | 07|aÉthique|2gcpds |
| 776 | 0#|tLes multiples faces éthiques de la défense : |w(CaOODSP)9.643352 |
| 776 | 0#|tThe many faces of ethics in defence : |w(CaOODSP)9.699360 |
| 791 | |tThe many faces of ethics in defence : |eeng|w(CaOODSP)9.659285 |